Normal view
MARC view
Entry Personal Name
001 - CONTROL NUMBER
- control field: 32938
003 - CONTROL NUMBER IDENTIFIER
- control field: OSt
005 - DATE AND TIME OF LATEST TRANSACTION
- control field: 20220913161429.0
008 - FIXED-LENGTH DATA ELEMENTS
- fixed length control field: 220913|| aca||aabn | a|a d
040 ## - CATALOGING SOURCE
- Original cataloging agency: OSt
- Transcribing agency: OSt
100 ## - HEADING--PERSONAL NAME
- Personal name: Madee, Anna and Mushi, Andrew
670 ## - SOURCE DATA FOUND
- Source citation: Work cat.: (OSt)519723: Madee, Anna and Mushi, Andrew , Untangling blame and responsibility for service delivery and local governance performance: Testing a grounded social accountability approach in Tanzania
